[Event "Titled Tuesday intern op 15st Dec"]
[Site "Chess.com INT"]
[Date "2020.12.15"]
[Round "2"]
[White "Rodrigues, Bruno Morado"]
[Black "David, Alexandru Vasile"]
[Result "1-0"]
[WhiteElo "2033"]
[BlackElo "2428"]
[PlyCount "81"]
[EventDate "2020.12.15"]
[EventType "swiss (blitz)"]
[EventRounds "11"]
[EventCountry "USA"]
[SourceTitle "CBM 199 Extra"]
[Source "ChessBase"]
[SourceDate "2021.01.31"]
[SourceVersion "1"]
[SourceVersionDate "2021.01.31"]
[SourceQuality "1"]

1. d4 d5 2. Nc3 Nf6 3. Bg5 Nbd7 4. Qd3 c5 5. dxc5 e6 6. e4 Bxc5 7. exd5 Bxf2+ 8. Kxf2 Ng4+ 9. Kg3 Qxg5 10. Nf3 Qh5 11. dxe6 fxe6 12. Qb5 Ngf6 13. Qxh5+ Nxh5+ 14. Kh4 Nf4 15. Bc4 0-0 16. Kg3 Nh5+ 17. Kf2 Ne5 18. Bb3 Bd7 19. Rhe1 Nxf3 20. gxf3 Nf4 21. Rad1 Bc6 22. Ne4 h6 23. Rd6 Rae8 24. Re3 Kh8 25. Nc5 e5 26. Nd7 Rf5 27. Nc5 Nh3+ 28. Kg3 Ng5 29. Ne6 Nxf3 30. Rxc6 bxc6 31. Rxf3 g6 32. Kg4 h5+ 33. Kg3 Kh7 34. h4 Kh6 35. Ng5 e4 36. Re3 Kg7 37. Rxe4 Rxe4 38. Nxe4 Re5 39. Kf4 Rf5+ 40. Ke3 a5 41. a4 1-0

[Event "Titled Tuesday intern op 15st Dec"]
[Site "Chess.com INT"]
[Date "2020.12.15"]
[Round "9"]
[White "Rodrigues, Bruno Morado"]
[Black "Veiga, Emerson de Sousa"]
[Result "0-1"]
[WhiteElo "2033"]
[BlackElo "2106"]
[PlyCount "82"]
[EventDate "2020.12.15"]
[EventType "swiss (blitz)"]
[EventRounds "11"]
[EventCountry "USA"]
[SourceTitle "CBM 199 Extra"]
[Source "ChessBase"]
[SourceDate "2021.01.31"]
[SourceVersion "1"]
[SourceVersionDate "2021.01.31"]
[SourceQuality "1"]

1. d4 Nf6 2. Nc3 d5 3. Bg5 Nbd7 4. Qd3 c6 5. f3 Qa5 6. Bd2 Qb6 7. 0-0-0 e5 8. e3 Bb4 9. g4 e4 10. fxe4 Bxc3 11. Bxc3 Nxe4 12. Be1 0-0 13. h4 Ndf6 14. g5 Ng4 15. Nh3 Bf5 16. Qb3 Qxb3 17. axb3 Nxe3 18. Rd3 Nxf1 19. Rxf1 Bxh3 20. Rxh3 Rae8 21. Rhf3 f6 22. gxf6 Rxf6 23. Rxf6 Nxf6 24. Bd2 Re4 25. Bg5 Ne8 26. c3 h6 27. Bd8 Nd6 28. Kd2 Re8 29. Bc7 Ne4+ 30. Kd3 Rf8 31. Rxf8+ Kxf8 32. c4 Kf7 33. b4 a6 34. cxd5 cxd5 35. Be5 g5 36. hxg5 hxg5 37. Ke3 Ke6 38. Kf3 Kf5 39. Bg7 g4+ 40. Kg2 Kf4 41. Be5+ Ke3 0-1